Statistics for Saudi Pro League Biggest Signings

Click here to take the quiz!

General Stats

  • This quiz has been taken 70 times
  • The average score is 15 of 21

Answer Stats

AnswerNationalityFromCountryToFeeYear% Correct
Roberto FirminoBrazilianLiverpoolEnglandAl-AhliFree2023
94%
Rúben NevesPortugueseWolverhampton WanderersEnglandAl-Hilal€55m2023
94%
Sadio ManéSenegaleseBayern MunichGermanyAl-Nassr€30m2023
92%
Riyad MahrezAlgerianManchester CityEnglandAl-Ahli€35m2023
90%
Jordan HendersonEnglandLiverpoolEnglandAl-Ettifaq€14m2023
87%
Karim BenzemaFrenchReal MadridSpainAl-IttihadFree2023
87%
Cristiano RonaldoPortugueseManchester UnitedEnglandAl-NassrFree2022
86%
FabinhoBrazilianLiverpoolEnglandAl-Ittihad€46.7m2023
86%
Sergej Milinkovic-SavicSerbianLazioItalyAl-Hilal€40m2023
83%
JotaPortugueseCelticScotlandAl-Ittihad€29.1m2023
81%
Marcelo BrozovicCroatianInter MilanItalyAl-Nassr€18m2023
81%
Edouard MendySenegaleseChelseaEnglandAl-Ahli€18.5m2023
79%
Kalidou KoulibalySenegaleseChelseaEnglandAl-Hilal€23m2023
79%
Allan Saint-MaximinFrenchNewcastle UnitedEnglandAl-Ahli€27.2m2023
78%
N'Golo KanteFrenchChelseaEnglandAl-IttihadFree2023
75%
MalcomBrazilianZenit St PetersburgRussiaAl-Hilal€45m2023
67%
Alex TellesBrazilianManchester UnitedEnglandAl-Nassr€7m2023
52%
Seko FofanaIvorianLensFranceAl-Nassr€25m2023
52%
Moussa DembéléFrenchOlympique LyonFranceAl-EttifaqFree2023
48%
Jack HendryScottishClub BruggeBelgiumAl-Ettifaq€6.9m2023
25%
Helder CostaAngolanLeeds UnitedEnglandAl-IttihadLoan (€4.9m)2022
14%

Score Distribution

Percentile by Number Answered

Percent of People with Each Score

Your Score History

You have not taken this quiz